书目信息 |
| 题名: |
十八世纪末-十九世纪初德国哲学
|
|
| 作者: | 本书组编 | |
| 分册: | ||
| 出版信息: | 北京 商务印书馆 1975.06 |
|
| 页数: | 668页 | |
| 开本: | 20cm | |
| 丛书名: | ||
| 单 册: | ||
| 中图分类: | B516.3 | |
| 科图分类: | ||
| 主题词: | 哲学--欧洲 | |
| 电子资源: | ||
| ISBN: | ||
| 000 | 00632nam0 2200217 450 | |
| 001 | 0831402921 | |
| 005 | 20080925084952.02 | |
| 010 | @b精装@dCNY2.45 | |
| 091 | @a2017.49 | |
| 100 | @a20080925d1975 km y0chiy0120 ea | |
| 101 | 0 | @achi |
| 102 | @aCN@b110000 | |
| 200 | 1 | @a十八世纪末-十九世纪初德国哲学@Ashi ba shi ji mo-shi jiu shi ji chu de guo zhe xue@f本书组编@Fben shu zu bian |
| 205 | @a2版 | |
| 210 | @a北京@c商务印书馆@d1975.06 | |
| 215 | @a668页@d20cm | |
| 300 | @a西方古典哲学原著选辑 | |
| 606 | 0 | @a哲学@x欧洲 |
| 690 | @aB516.3@v4 | |
| 801 | 0 | @aCN@b大连网信软件有限公司图书馆·11@c20080925 |
| 905 | @aBZT@dB516.3@e6 | |
| 十八世纪末-十九世纪初德国哲学/本书组编.-2版.-北京:商务印书馆,1975.06 |
| 668页;20cm |
| 西方古典哲学原著选辑 |
| ISBN (精装):CNY2.45 |
| ● |
| 相关链接 |
|
|
|
正题名:十八世纪末-十九世纪初德国哲学
索取号:B516.3/6
 
预约/预借
| 序号 | 登录号 | 条形码 | 馆藏地/架位号 | 状态 | 备注 |
| 1 | 006808 | 201269251 | 中心书库南/002架A面4层3列/ [索取号:B516.3/6] | 在馆 | |
| 2 | 006837 | 201269224 | 中心书库南/002架A面4层3列/ [索取号:B516.3/6] | 在馆 |